000
00331nam a2200145Ia 4500
100
_a
Singh/Bani/ Murari K
942
_c
BK
654
_a
Maths
245
_a
Mathematics & its application in engg & Industry
260
_b
Narosa Pub
_a
New Delhi
_c
1997
082
_a
519
_b
SIN
300
_a
605
546
_a
ENGLISH
999
_c
27561
_d
27561